000 00404nam a2200145Ia 4500
008 240729s9999 xx 000 0 und d
022 _a2636-381X
245 0 _aSVU-International Journal of Agricultural Sciences
260 _aEgypt
260 _bSouth Valley University
650 _aAgriculture
856 _uhttps://doaj.org/toc/9825191656cf49648fdd1b0809bfed6f
942 _2ddc
942 _cDOAJEJ
999 _c69775
_d69775
945 _a1
_bMadushi Gamage
_c1
_dMadushi Gamage